[Event "Roncana op-C 11th"]
[Site "Santa Eulalia de Roncana"]
[Date "2017.09.30"]
[Round "2.9"]
[White "Burriel Beltran, Alex"]
[Black "Beneitez Borrut, Ferran"]
[Result "0-1"]
[WhiteElo "1382"]
[BlackElo "1633"]
[PlyCount "66"]
[EventDate "2017.09.23"]
[EventType "swiss"]
[EventRounds "8"]
[EventCountry "ESP"]
[SourceTitle "EXT 2024"]
[Source "ChessBase"]
[SourceDate "2023.10.10"]
[SourceVersion "1"]
[SourceVersionDate "2023.10.10"]
[SourceQuality "1"]

1. e4 d5 2. Nc3 d4 3. Nd5 e5 4. a3 c6 5. Nb4 Nf6 6. d3 Bc5 7. Nf3 Bd7 8. Nxe5 Be6 9. c4 0-0 10. Bf4 Qd6 11. Qd2 Bb6 12. Qc1 c5 13. Nc2 Ba5+ 14. b4 cxb4 15. axb4 Bxb4+ 16. Nxb4 Qxb4+ 17. Qd2 Qxd2+ 18. Bxd2 Nbd7 19. Nxd7 Nxd7 20. Bb4 Rfc8 21. Be2 b6 22. 0-0 a5 23. Bd6 Rc6 24. e5 Nc5 25. Bf3 Rcc8 26. Bxa8 Rxa8 27. Bxc5 bxc5 28. Rfb1 Bf5 29. Rb3 a4 30. Rb2 a3 31. Rab1 axb2 32. Rxb2 Ra1+ 33. Rb1 Rxb1# 0-1

[Event "Roncana op-C 10th"]
[Site "Santa Eulalia de Roncana"]
[Date "2016.10.08"]
[Round "3"]
[White "Beneitez Borrut, Ferran"]
[Black "Gomez Gonzalez, Joan"]
[Result "0-1"]
[WhiteElo "1688"]
[BlackElo "1724"]
[PlyCount "82"]
[EventDate "2016.09.24"]
[EventType "swiss"]
[EventRounds "8"]
[EventCountry "ESP"]
[SourceTitle "EXT 2018"]
[Source "ChessBase"]
[SourceDate "2017.10.13"]
[SourceVersion "1"]
[SourceVersionDate "2017.10.13"]
[SourceQuality "1"]

1. e4 e5 2. Nf3 Nc6 3. Bc4 Nf6 4. Nc3 Bc5 5. Ng5 0-0 6. 0-0 h6 7. Nf3 d6 8. Nd5 Be6 9. d3 a6 10. a3 Bxd5 11. exd5 Nd4 12. Nxd4 Bxd4 13. c3 Ba7 14. d4 c6 15. dxc6 bxc6 16. Be3 Qe7 17. Bxa6 Bxd4 18. Bb7 Qxb7 19. cxd4 Qxb2 20. Qd3 Ra4 21. dxe5 Qxe5 22. Qb3 Rfa8 23. f4 Qe4 24. Rfd1 d5 25. Qc3 Rc4 26. Qb2 Ng4 27. Re1 Nxe3 28. Rad1 Rc2 29. Qxc2 Qxc2 30. Rxe3 Qxd1+ 31. Kf2 Qc2+ 32. Re2 Qxe2+ 33. Kxe2 c5 34. Kd3 Rc8 35. a4 c4+ 36. Kc3 d4+ 37. Kc2 d3+ 38. Kc3 Rd8 39. Kd2 c3+ 40. Kc1 d2+ 41. Kd1 c2+ 0-1